00350nam a2200109Ia 4500008004100000041000800041100003300049245005400082260005400136700003100190999001900221241105s9999 xx 000 0 und d aeng aNandurkar Priyanka. 9183186 aDesign Framework For Sustainable Swm For Bharuch. bBnca M Arch Environment Architecture., Punec2018 a Kulkarni Prajakta9209005 c361680d361680